000 00810nam a2200253Ia 4500
003 OSt
005 20220927105306.0
006 a|||||r|||| 00| 0
007 ta
008 220926b |||||||| |||| 00| 0 eng d
020 _a10: 9004153500
024 _a188056
037 _cReference Collections
040 _aRTL
_cRTL
_beng
041 _2eng
_aeng
082 _a"Y9(X991).4.P, P6"
100 _aTherborn Goran Ed.
_9371446
245 0 _aAsia and Europe in globalization
_b" Continents, regions and nations"
260 _aBrill
_bNetherlands
_c2006
300 _a"xiv, 313p"
_ccm.
700 _a Khondker Habibul Haque Ed.
_9371447
942 _h"Y9(X991).4.P, P6"
_cCC
999 _c691630
_d691630